000 00309nam a2200109Ia 4500
008 171211s9999 xx 000 0 und d
245 4 _aThe Project Management Communications Toolkit
245 _cCarl Pritchard
260 _c2004
650 _xBUSINESS
856 _uhttp://down.ebook777.com/063/1580537472.pdf
999 _c349476
_d349476